000 01149namaa22003011i 4500
003 EG-GICUC
005 20260105120311.0
008 260105s19951999sy ||||jr|||| 000 0cara d
040 _aEG-GiCUC
_bara
_cEG-GiCUC
_dEG-GiCUC
_erda
082 0 4 _221
_a210.92
_bB3619
092 0 4 _221
_a210.92
_bB3619
099 _a210.92 B3619 1995-1999
100 1 _aالبيومى، محمد رجب
_eمؤلف.
245 1 2 _aالنهضة الاسلامية فى سير أعلامها المعاصرين /
_cتأليف الدكتور محمد رجب البيومى
250 _aالطبعة الاولى
264 _aدمشق (سوريا) :
_bدار القلم،
_c1995-1999
300 _a؛ 5 مجلدات
_c24 سم
336 _2rdacontent
_atext
337 _2rdamedia
_aUnmediated
338 _2rdacarrier
_avolume
504 _aيشتمكل على ارجاعات ببليوجرافية
541 _aد. جابر عصفور ؛
_bالقاهرة ؛
_cإهداء ؛
_d2024.
650 1 7 _aالعلماء المسلمين
_vتراجم
_2qrmak
650 1 7 _aالاسلام
_vتراجم
_2qrmak
651 1 _2qrmak
905 _aHuda
942 _2ddc
_cBK
_e21
_n0
999 _c177409
_d177409